Tilastot visalle Valtioita vaakunoiden mukaan #1

Klikkaa tästä pelataksesi tätä visaa!

Yleistilastot

  • Tätä visaa on pelattu 176 kertaa
  • Keskiarvotulos 13 / 18

Vastaustilastot

Vastaus% Oikein
Etelä-Korea
96%
Islanti
96%
Yhdysvallat
93%
Saksa
90%
Kiina
90%
Nepal
84%
Espanja
78%
Bangladesh
75%
Kreikka
75%
Israel
72%
Iran
69%
Afganistan
68%
Irlanti
57%
Taiwan
57%
Laos
56%
Mongolia
50%
Malesia
37%
Papua-Uusi-Guinea
19%

Tulosjakauma

Persentiili vastausten määrän mukaan

Jokaisen tuloksen saaneiden osuus

Tuloshistoriasi

Et ole pelannut tätä visaa